| 000 | 00751cab a2200217 4500 | ||
|---|---|---|---|
| 001 | WB2907-36 | ||
| 008 | 090401t xxu||||| |||| 00| 0 eng d | ||
| 035 | _a(Sirsi) u54603 | ||
| 041 | _aeng | ||
| 245 | _aFire and explosion damage | ||
| 350 | _a0 | ||
| 490 | _aJoint Contracts Tribunal Press Release | ||
| 520 | _aJCT advice on fire and explosion damage due to terrorism following the Government decision to act as a reinsurer of last resort for terrorism attacks against mainland GB non-domestic property and related risks. | ||
| 650 | _aBUILT ENVIRONMENT-BUILDING CONTRACT FORMS | ||
| 650 | _aEXCLUSIONS | ||
| 650 | _aNON-DOMESTIC PROPERTY | ||
| 650 | _aTERRORISM COVER | ||
| 690 |
_aInsurance _96249 |
||
| 942 | _n0 | ||
| 948 | _c04/03/1997 | ||
| 999 |
_c33474 _d33474 |
||